| 000 | 00461nam a2200181Ia 4500 | ||
|---|---|---|---|
| 008 | 151202s9999||||xx |||||||||||||| ||und|| | ||
| 082 | _bPNVM-732 | ||
| 100 | _aMOOVE. | ||
| 245 | _aFAMILY MEDICINE & HYGINE FOR INDIA. | ||
| 260 | _bGOVT. OF INDIA PUB. DEPT. | ||
| 260 | _c0 | ||
| 300 | _a0 | ||
| 600 | _aMOOVE. | ||
| 630 | _aFAMILY MEDICINE & HYGINE FOR INDIA. | ||
| 700 | _aMOOVE. | ||
| 730 | _aFAMILY MEDICINE & HYGINE FOR INDIA. | ||
| 942 | _cBOOK | ||
| 999 |
_c1266730 _d1266727 |
||